Paesi che Confinano con la Francia - Statistics

Statistiche generali
  • Questo quiz è stato fatto 4.618 volte
  • Il punteggio medio è 9 su 10
Statistiche sulle risposte
Length Paese % Corretto
488 km Italia
100%
623 km Spagna
98%
451 km Germania
97%
620 km Belgio
96%
573 km Svizzera
95%
57 km Andorra
94%
73 km Lussemburgo
92%
4 km Monaco
91%
673 km Brasile
74%
510 km Suriname
67%
Nessun quiz corrispondente trovato
Distribuzione punteggi
Percentuale di utenti per punteggio
Percentile per numero di risposta
I tuoi punteggi nel tempo
Non hai fatto questo quiz